Στέμμα και σβάστικα : η Ελλάδα της Κατοχής και της Αντίστασης, 1941-1944
Αποθηκεύτηκε σε:
| Κύριος συγγραφέας: | |
|---|---|
| Μορφή: | Βιβλίο |
| Γλώσσα: | Greek |
| Δημοσίευση: |
Αθήνα :
Παπαζήσης,
|
| Θέματα: | |
| Ετικέτες: |
Προσθήκη ετικέτας
Δεν υπάρχουν, Καταχωρήστε ετικέτα πρώτοι!
|
MARC
| LEADER | 00000cam a2200000 i 4500 | ||
|---|---|---|---|
| 001 | 1/98989 | ||
| 008 | 950321s gre d | ||
| 020 | |a 960-02-0764-X | ||
| 035 | |l 10011134 | ||
| 040 | |a GR-MY-UA |b gre |e aacr | ||
| 041 | 0 | |a gre | |
| 082 | 0 | |a 938.76 | |
| 100 | 1 | |a Fleischer, Hagen. | |
| 245 | 1 | 0 | |a Στέμμα και σβάστικα : |b η Ελλάδα της Κατοχής και της Αντίστασης, 1941-1944 / |c Μετάφραση Χάγκεν Φλάισερ |
| 260 | |a Αθήνα : |b Παπαζήσης, | ||
| 300 | |a 474 σ. |b εικ. | ||
| 650 | 0 | 0 | |a World War, 1939-1945 |z Greece. |
| 651 | 0 | |a Greece |x History |y Occupation, 1941-1944. | |
| 700 | 1 | |a Fleischer, Hagen. |4 trl | |
| 852 | |a INST |b LESVOS |e 19950321 |h 938.76 FLE |p 005100002155 |q 005100002155 |t BK |y 0 | ||
| 909 | |a Λ |b 036671 | ||